00652 a2200181 4500003000400000005001700004008004100021020001800062040000900080082001900089100002600108245008600134260004300220300000900263942004400272952013700316999001700453OSt20231121135646.0231121b |||||||| |||| 00| 0 eng d a9788173718625 coclc a333.707bBHA/E aBharucha, Erach95266 aTextbook of environmental studies :b for undergraduate courses /cErach Bharucha aTelangana:bUniversities Press,c2019. a305p 2ddccBKh333.707iBHA/Tk333.707mBHA/T 00102ddc40708BIOLOGYaMESbMEScBOTANYd2023-11-21l0o333.707 BHA/Ep43575r2023-11-21 13:58:22v375.00w2023-11-21yBKzGL18R1 c43673d43673